00688cam a2200229 a 45000010009000000050017000090080041000260100017000670200015000840350022000990400018001210410008001390800017001471000007001641010008001712450037001795040051002169060045002679420012003129990017003249520117003411320912820180213034637.0030522s2004 caua b 001 0 eng  a 2003107401 a0534506097 a(DLC) 2003107401 aDLCcDLCdDLC aeng a612.39 bro1 a10 anut10aUnderstanding food :cAmy Brown. aIncludes bibliographical references and index. a7bcbccorigcopd2eepcnf20gy-gencatlg 2ddccBK c42344d42344 00102lcc40708PËKGa002b002cPËKGd2018-02-13l0o612.39 brop002-2999150r2018-02-13w2018-02-13yBK